[Event "Titled Tue 17th Jun Late"]
[Site "chess.com INT"]
[Date "2025.06.17"]
[Round "3"]
[White "Buchenau, Frank"]
[Black "Papasimakopoulos, Alexandros"]
[Result "0-1"]
[WhiteTitle "FM"]
[BlackTitle "IM"]
[WhiteElo "2205"]
[BlackElo "2366"]
[WhiteFideId "4604350"]
[BlackFideId "4244125"]
[EventDate "2025.06.17"]

1. e4 e6 2. d4 d5 3. Nd2 Nf6 4. e5 Nfd7 5. c3 c5 6. f4 Nc6 7. Ngf3 f6 8. Be2 Qb6
9. Nb3 cxd4 10. cxd4 a5 11. a4 Bb4+ 12. Kf1 O-O 13. h4 Ne7 14. g3 Nf5 15. Kg2
Nh6 16. Be3 Nb8 17. Rc1 Bd7 18. Nc5 Be8 19. Ne1 Bxc5 20. Rxc5 Nc6 21. Nd3 Nb4
22. Qb3 Nf5 23. Bf2 Bc6 24. Rhc1 fxe5 25. dxe5 Qd8 26. Nxb4 axb4 27. Bb5 Bxb5
28. axb5 Qe8 29. Qxb4 Qg6 30. Kh2 Qg4 31. Qd2 Ra4 32. Rc7 Re4 33. Re1 Ra8 34.
Rxe4 dxe4 35. Rd7 h6 36. Rd8+ Rxd8 37. Qxd8+ Kh7 38. Qd2 Qf3 39. b4 e3 0-1

[Event "Titled Tue 17th Jun Late"]
[Site "chess.com INT"]
[Date "2025.06.17"]
[Round "3"]
[White "Barp, Alberto"]
[Black "Fedorov, Artem Alek"]
[Result "1-0"]
[WhiteTitle "IM"]
[BlackTitle "CM"]
[WhiteElo "2414"]
[BlackElo "2157"]
[WhiteFideId "872555"]
[BlackFideId "34418431"]
[EventDate "2025.06.17"]

1. c4 e6 2. g3 d5 3. Bg2 Nf6 4. Nf3 d4 5. O-O c5 6. e3 Nc6 7. exd4 cxd4 8. d3
Bd6 9. a3 O-O 10. b4 Re8 11. Bg5 h6 12. Bxf6 Qxf6 13. Nbd2 Qe7 14. c5 Bc7 15.
Nc4 e5 16. Re1 Qf6 17. Nfd2 Bf5 18. Ne4 Bxe4 19. Bxe4 a6 20. Qh5 Rad8 21. Re2
Re7 22. Rae1 Bb8 23. Bxc6 bxc6 24. Nxe5 Bxe5 25. Rxe5 Rd5 26. f4 g6 27. Qe2
Rdxe5 28. fxe5 Qg5 29. Qe4 Qd2 30. Re2 Qc1+ 31. Kg2 Qd1 32. Rf2 Qa1 33. Qxc6
Rxe5 34. Qf6 Rf5 35. Rxf5 gxf5 36. Qxf5 Qxa3 37. c6 Kf8 38. c7 Qb2+ 39. Kh3 Qc3
40. c8=Q+ 1-0

[Event "Titled Tue 17th Jun Late"]
[Site "chess.com INT"]
[Date "2025.06.17"]
[Round "3"]
[White "Akopyan, Harutyun"]
[Black "Baches Garcia, Guillermo"]
[Result "1-0"]
[WhiteTitle "FM"]
[BlackTitle "IM"]
[WhiteElo "2240"]
[BlackElo "2305"]
[WhiteFideId "2012014"]
[BlackFideId "2209764"]
[EventDate "2025.06.17"]

1. e4 d5 2. exd5 Qxd5 3. Nf3 Bg4 4. Be2 Nc6 5. d4 e5 6. c4 Bb4+ 7. Nc3 Qa5 8.
O-O O-O-O 9. Nxe5 Bxe2 10. Qxe2 Nxe5 11. dxe5 Ne7 12. Bg5 f6 13. Qg4+ Kb8 14.
exf6 gxf6 15. Bxf6 Rhg8 16. Qe4 Rde8 17. Rfe1 a6 18. a3 Bd6 19. Nd5 Nxd5 20.
Qxe8+ Rxe8 21. Rxe8+ Ka7 22. cxd5 Qxd5 23. Rae1 Bxh2+ 24. Kxh2 Qd6+ 25. Be5 Qg6
26. Bd4+ b6 27. R8e7 Qd6+ 28. R1e5 Qxd4 29. Rxc7+ Kb8 30. Ree7 Qxb2 31. Rb7+ Kc8
32. Ra7 Kb8 33. Reb7+ Kc8 34. Rxh7 Qe5+ 35. g3 Kb8 36. Rae7 Qb5 37. Rh8+ 1-0

[Event "Titled Tue 17th Jun Late"]
[Site "chess.com INT"]
[Date "2025.06.17"]
[Round "3"]
[White "Eminov, Orkhan"]
[Black "Salinas Herrera, Pablo"]
[Result "0-1"]
[WhiteTitle "FM"]
[BlackTitle "GM"]
[WhiteElo "2239"]
[BlackElo "2447"]
[WhiteFideId "13402153"]
[BlackFideId "3407128"]
[EventDate "2025.06.17"]

1. e4 d6 2. d4 Nf6 3. Nc3 g6 4. f3 Bg7 5. Be3 a6 6. Qd2 b5 7. h4 h5 8. Nh3 Bxh3
9. Rxh3 Nbd7 10. O-O-O Qc8 11. Kb1 c5 12. dxc5 Nxc5 13. Nd5 Nxd5 14. Qxd5 O-O
15. Rh1 Qc7 16. g4 Rac8 17. Bc1 Na4 18. Qb3 Nc5 19. Qe3 hxg4 20. h5 Ne6 21. fxg4
Qxc2+ 22. Ka1 Qxd1 23. Bg2 Qxg4 24. Bf3 Qg3 25. Rg1 Qe5 26. h6 Bf6 27. h7+ Kh8
28. Kb1 Bg7 29. Bg4 Rc4 30. Rf1 Rfc8 31. Qf3 Rxc1+ 32. Rxc1 Qxb2# 0-1

[Event "Titled Tue 17th Jun Late"]
[Site "chess.com INT"]
[Date "2025.06.17"]
[Round "3"]
[White "Zlatin, Alexander"]
[Black "Bressac, Stephane"]
[Result "1-0"]
[WhiteTitle "FM"]
[BlackTitle "IM"]
[WhiteElo "2313"]
[BlackElo "2280"]
[WhiteFideId "2810549"]
[BlackFideId "655945"]
[EventDate "2025.06.17"]

1. e4 c5 2. Nf3 Nc6 3. d4 cxd4 4. Nxd4 g6 5. c4 Bg7 6. Be3 Qb6 7. Nb3 Qd8 8. Nd4
Nf6 9. Nc3 O-O 10. Be2 b6 11. O-O Bb7 12. f3 Rc8 13. Rc1 d6 14. Qd2 a6 15. Rfd1
Nd7 16. Bf1 Nxd4 17. Bxd4 Bxd4+ 18. Qxd4 Qc7 19. b4 Ne5 20. Nd5 Bxd5 21. exd5 a5
22. a3 axb4 23. axb4 Ra8 24. f4 Nd7 25. Re1 Nf6 26. Re3 Ng4 27. Rg3 Nh6 28. Bd3
Qd7 29. Re1 Rfe8 30. Rh3 Nf5 31. Qf2 Ra4 32. g4 Ng7 33. f5 gxf5 34. Qh4 h5 35.
Bxf5 e6 36. dxe6 fxe6 37. Bg6 Rf8 38. gxh5 Qd8 39. Qg4 Kh8 40. h6 1-0

[Event "Titled Tue 17th Jun Late"]
[Site "chess.com INT"]
[Date "2025.06.17"]
[Round "3"]
[White "Rathbone-Jones, Ifan"]
[Black "Dudin, Gleb"]
[Result "0-1"]
[WhiteTitle "CM"]
[BlackTitle "GM"]
[WhiteElo "2208"]
[BlackElo "2574"]
[WhiteFideId "1803859"]
[BlackFideId "34184934"]
[EventDate "2025.06.17"]

1. d4 Nf6 2. Nf3 e6 3. Bf4 c5 4. e3 b6 5. Bd3 Bb7 6. Nbd2 Nc6 7. c3 Ne7 8. Qe2
Ng6 9. Bg3 Be7 10. Rd1 O-O 11. e4 cxd4 12. cxd4 Nh5 13. e5 Nhf4 14. Qf1 d6 15.
Bxg6 Nxg6 16. Nc4 dxe5 17. dxe5 Bb4+ 18. Nfd2 Qd4 19. Nd6 Qe4+ 20. Nxe4 Bxe4 21.
a3 Bxd2+ 22. Rxd2 Rac8 23. f3 Bf5 24. Qe2 h5 25. O-O h4 26. Bf2 Nf4 27. Qe3 Nd5
28. Qg5 Bg6 29. Qxh4 Rc6 30. Rfd1 Rfc8 31. Qa4 Bc2 32. Rxc2 Rxc2 33. Qd4 Re2 34.
Re1 Rec2 35. h4 R8c4 36. Qd1 Rxb2 37. Qd3 Rcc2 38. Rf1 Rd2 39. Qc4 Rbc2 40. Qa6
Ne3 41. Qxa7 Nxf1 42. Qa8+ Kh7 43. Qe4+ g6 44. Kxf1 Rxf2+ 45. Ke1 Rxg2 46. Kd1
Ra2 0-1

[Event "Titled Tue 17th Jun Late"]
[Site "chess.com INT"]
[Date "2025.06.17"]
[Round "3"]
[White "George, Kevin"]
[Black "Gasparyan, Erik R."]
[Result "1-0"]
[WhiteTitle "IM"]
[BlackTitle "IM"]
[WhiteElo "2327"]
[BlackElo "2372"]
[WhiteFideId "10669515"]
[BlackFideId "13315730"]
[EventDate "2025.06.17"]

1. d4 g6 2. c4 Bg7 3. Nc3 Nf6 4. g3 d5 5. cxd5 Nxd5 6. Bg2 Nxc3 7. bxc3 O-O 8.
Nf3 c5 9. O-O cxd4 10. Nxd4 Qc7 11. Nb5 Qc4 12. a4 a6 13. Bd5 Qc5 14. Be3 Qxe3
15. fxe3 axb5 16. Bxf7+ Kh8 17. axb5 Rxa1 18. Qxa1 Bf5 19. Bd5 Bf6 20. Qa7 Nd7
21. Qxb7 Rb8 22. Qc6 Ne5 23. Qa6 Ng4 24. e4 Bc8 25. Qa7 Rxb5 26. Qa8 Rc5 27. Be6
Ne3 28. Rxf6 exf6 29. Bxc8 Rxc3 30. Be6+ Kg7 31. Qg8+ Kh6 32. Qf8+ Kh5 33. Kf2
Rc6 34. Kxe3 Rxe6 35. Kf4 Rc6 36. g4+ 1-0

[Event "Titled Tue 17th Jun Late"]
[Site "chess.com INT"]
[Date "2025.06.17"]
[Round "3"]
[White "Yanev, Tihomir"]
[Black "Jagirapu, Harshin Reddy"]
[Result "1-0"]
[WhiteTitle "IM"]
[WhiteElo "2354"]
[BlackElo "2042"]
[WhiteFideId "2910110"]
[BlackFideId "39910679"]
[EventDate "2025.06.17"]

1. d4 Nf6 2. Nf3 d5 3. g3 c5 4. Bg2 e6 5. O-O Nc6 6. c4 dxc4 7. Qa4 Bd7 8. dxc5
Bxc5 9. Qxc4 Bb6 10. Nc3 Rc8 11. Qh4 O-O 12. Bf4 Ne7 13. Bg5 Nf5 14. Qb4 h6 15.
Bf4 Bc6 16. e4 Ba5 17. Qa3 Nxe4 18. Rad1 Qb6 19. Ne5 Nxc3 20. bxc3 Bxg2 21. Kxg2
Bxc3 22. Kg1 Bxe5 23. Bxe5 Rfd8 24. Rb1 Qc5 25. Qb2 b6 26. Rfc1 Qd5 27. Qe2 Nd4
28. Bxd4 Qxd4 29. Rd1 Qf6 30. a4 Rd4 31. Qa6 Rc2 32. Rf1 Rdd2 33. Qxa7 Rxf2 34.
Qa8+ Kh7 35. Qe4+ g6 36. Qxc2 Rxf1+ 37. Rxf1 Qe7 38. Qf2 Kg7 39. Qxb6 Qa3 40.
Qd4+ Kg8 41. Ra1 Qb3 42. a5 1-0

[Event "Titled Tue 17th Jun Late"]
[Site "chess.com INT"]
[Date "2025.06.17"]
[Round "3"]
[White "Petersson, Kjell"]
[Black "Ersoz, Teoman Guney"]
[Result "0-1"]
[WhiteTitle "CM"]
[BlackTitle "CM"]
[WhiteElo "2068"]
[BlackElo "2052"]
[WhiteFideId "1705148"]
[BlackFideId "44537050"]
[EventDate "2025.06.17"]

1. d4 Nf6 2. Bf4 d5 3. e3 c5 4. Nd2 Nc6 5. c3 g6 6. Ngf3 Bg7 7. Bd3 O-O 8. Ne5
Nh5 9. Nxc6 bxc6 10. Bg3 Nxg3 11. hxg3 cxd4 12. exd4 e5 13. dxe5 Bxe5 14. Nf3
Re8 15. O-O Bg7 16. Qa4 Qb6 17. Qc2 Bg4 18. Rfe1 Rab8 19. Rxe8+ Rxe8 20. Re1
Rxe1+ 21. Nxe1 Be6 22. Nf3 c5 23. b3 c4 24. bxc4 dxc4 25. Bf1 Qa5 26. Nd2 Qxc3
27. Qxc3 Bxc3 28. Nxc4 Kf8 29. a3 Ke7 30. Bd3 Kd7 31. Kf1 Kc6 32. Ke2 Kc5 33.
Ne3 Bb2 34. a4 Kb4 35. Bb5 Bb3 36. Be8 Bxa4 37. Bxf7 Bb3 38. Be8 a5 39. Nd1 Bg7
40. Kd2 a4 41. Kc1 a3 42. Ne3 a2 43. Nc2+ Bxc2 44. Kxc2 a1=Q 0-1

[Event "Titled Tue 17th Jun Late"]
[Site "chess.com INT"]
[Date "2025.06.17"]
[Round "3"]
[White "Sailer, Mike"]
[Black "Karas, Eugenia"]
[Result "0-1"]
[BlackTitle "WFM"]
[WhiteElo "2108"]
[BlackElo "2124"]
[WhiteFideId "2012901"]
[BlackFideId "463485"]
[EventDate "2025.06.17"]

1. d4 Nf6 2. Nf3 b6 3. e3 Bb7 4. Bd3 e6 5. b3 Be7 6. Bb2 d5 7. Nbd2 O-O 8. O-O
Nbd7 9. Ne5 c5 10. f4 Ne4 11. Rf3 f6 12. Nxd7 Qxd7 13. Rh3 f5 14. Nf3 Bf6 15.
Ne5 Bxe5 16. fxe5 cxd4 17. exd4 Rac8 18. Qh5 g6 19. Qh6 Qg7 20. Qxg7+ Kxg7 21.
Bc1 Rfe8 22. Bh6+ Kg8 23. Rf1 Nc3 24. a3 Rc7 25. Rf4 Bc8 26. Rfh4 Bd7 27. g4 Bb5
28. gxf5 Bxd3 29. Rxd3 exf5 30. Bd2 Ne4 31. Bb4 Rxc2 0-1

[Event "Titled Tue 17th Jun Late"]
[Site "chess.com INT"]
[Date "2025.06.17"]
[Round "3"]
[White "Alrehaili, Ahmed Abdullah S"]
[Black "Einarsson, Halldor Gretar"]
[Result "1-0"]
[WhiteTitle "FM"]
[BlackTitle "FM"]
[WhiteElo "2145"]
[BlackElo "2177"]
[WhiteFideId "21518840"]
[BlackFideId "2300150"]
[EventDate "2025.06.17"]

1. e4 d6 2. d4 Nf6 3. Nc3 e5 4. Nf3 Nbd7 5. h3 c6 6. a4 Be7 7. Bc4 Qc7 8. dxe5
dxe5 9. O-O h6 10. Be3 Nf8 11. a5 g5 12. Nh2 Ng6 13. Ng4 h5 14. Nxf6+ Bxf6 15.
Qd2 Nf4 16. Rfd1 Be6 17. Bf1 O-O 18. Bxf4 exf4 19. Be2 g4 20. hxg4 hxg4 21. e5
Qxe5 22. Re1 Rad8 23. Bd3 Qg5 24. Ne4 Qh4 25. Qxf4 Bd4 26. c3 Bg7 27. Rad1 Rd5
28. Bc2 Rh5 29. Ng3 Qh2+ 30. Kf1 Bc4+ 31. Qxc4 Rh6 32. Qxg4 Rf6 33. Nf5 1-0

[Event "Titled Tue 17th Jun Late"]
[Site "chess.com INT"]
[Date "2025.06.17"]
[Round "3"]
[White "Gattani, Sarthak"]
[Black "Deveci, Huseyin Said"]
[Result "0-1"]
[BlackTitle "CM"]
[WhiteElo "1944"]
[BlackElo "2212"]
[WhiteFideId "30995965"]
[BlackFideId "26322455"]
[EventDate "2025.06.17"]

1. d4 Nf6 2. c4 c5 3. d5 b5 4. cxb5 a6 5. bxa6 e6 6. Nc3 exd5 7. Nxd5 Be7 8. Nf3
Bxa6 9. Nxf6+ Bxf6 10. e4 Bxf1 11. Kxf1 Nc6 12. g3 O-O 13. Kg2 Re8 14. Re1 Qc8
15. a3 Qb7 16. Rb1 Nd4 17. Nxd4 cxd4 18. f3 Rac8 19. Qd3 d5 20. Bd2 dxe4 21.
Rxe4 Rxe4 22. fxe4 Re8 23. Kf3 Be5 24. Bf4 f5 25. Bxe5 Rxe5 26. Re1 Qxb2 27.
Qc4+ Kf8 28. Qc8+ Kf7 29. Qd7+ Kf8 30. Qd6+ Re7 31. Qd8+ Re8 32. Qd6+ Kg8 33.
Qd5+ Kh8 34. Qxf5 d3 35. Qf4 Qxa3 36. Rd1 Rf8 37. Ke3 Rxf4 38. gxf4 h5 39. Rxd3
Qc1+ 40. Kf3 Qf1+ 41. Ke3 Qg1+ 42. Kf3 Qxh2 43. Rd8+ Kh7 44. Rd5 Qh1+ 45. Ke3
Qe1+ 46. Kf3 h4 47. Rh5+ Kg8 48. Kg4 Qg3+ 49. Kf5 g6+ 50. Kf6 gxh5 51. f5 h3 52.
e5 h2 53. e6 h1=Q 54. e7 Qa1+ 55. Ke6 Qge5+ 56. Kd7 Qa7+ 57. Ke8 Qexe7# 0-1

[Event "Titled Tue 17th Jun Late"]
[Site "chess.com INT"]
[Date "2025.06.17"]
[Round "3"]
[White "Pranav, V"]
[Black "Koellner, Ruben Gideon"]
[Result "1-0"]
[WhiteTitle "GM"]
[BlackTitle "IM"]
[WhiteElo "2595"]
[BlackElo "2503"]
[WhiteFideId "25060783"]
[BlackFideId "12993093"]
[EventDate "2025.06.17"]

1. e4 d6 2. d4 Nf6 3. Nc3 e5 4. Nf3 Nbd7 5. Be2 Be7 6. O-O c6 7. Re1 h6 8. Bf1
Qc7 9. a4 Nf8 10. b3 Ng6 11. Ba3 O-O 12. Qd2 a6 13. h3 Rb8 14. a5 Re8 15. Na4
Bf8 16. Nb6 Be6 17. c4 c5 18. d5 Bc8 19. b4 cxb4 20. Bxb4 Nd7 21. Qe3 Nxb6 22.
axb6 Qd7 23. Rec1 f5 24. exf5 Qxf5 25. c5 dxc5 26. Bxc5 e4 27. Nd4 Qe5 28. Bxf8
Rxf8 29. Rc7 Nf4 30. Ra5 Qd6 31. Qxe4 Qxb6 32. Rac5 Qg6 33. Qxg6 Nxg6 34. d6 b6
35. Rc3 Bb7 36. Rg3 Rf6 37. Bd3 Rxd6 38. Nf5 Rxd3 39. Rxg7+ Kh8 40. R3xg6 Rxh3
41. gxh3 Rd8 42. Rxh6# 1-0

[Event "Titled Tue 17th Jun Late"]
[Site "chess.com INT"]
[Date "2025.06.17"]
[Round "3"]
[White "Lazaro Azcutia, Miguel"]
[Black "Achuthan, Aryan"]
[Result "0-1"]
[WhiteTitle "CM"]
[WhiteElo "2275"]
[BlackElo "2087"]
[WhiteFideId "54538254"]
[BlackFideId "30982294"]
[EventDate "2025.06.17"]

1. e4 e5 2. Nf3 Nc6 3. Bb5 Nf6 4. d3 Bc5 5. c3 O-O 6. O-O d6 7. h3 Bb6 8. Re1
Ne7 9. d4 Ng6 10. Nbd2 h6 11. Nf1 c6 12. Bd3 Re8 13. Ng3 Bc7 14. Qc2 Qe7 15. Nf5
Bxf5 16. exf5 Nf8 17. dxe5 dxe5 18. Nd2 N8d7 19. Ne4 Nxe4 20. Bxe4 Nf6 21. a4
Rad8 22. b3 a5 23. Ba3 Qd7 24. Rad1 Qc8 25. Rxd8 Rxd8 26. Be7 Rd7 27. Bxf6 gxf6
28. Qe2 Kh7 29. Qh5 Bb6 30. g3 Qg8 31. Kg2 Rd2 32. Re2 Rd6 33. Qf3 Qg5 34. h4
Qc1 35. Qh5 Kg7 36. Qg4+ Kf8 37. Qh5 Rd1 38. Kh2 Rf1 39. Bg2 Rxf2 40. Rxf2 Bxf2
41. Qf3 Bg1+ 42. Kh3 Be3 43. Qe4 Qxc3 44. Qc4 Qxc4 45. bxc4 Ke7 0-1

[Event "Titled Tue 17th Jun Late"]
[Site "chess.com INT"]
[Date "2025.06.17"]
[Round "3"]
[White "Kramnik, Vladimir"]
[Black "Aslanov, Umid"]
[Result "1-0"]
[WhiteTitle "GM"]
[BlackTitle "FM"]
[WhiteElo "2753"]
[BlackElo "2298"]
[WhiteFideId "4101588"]
[BlackFideId "13412620"]
[EventDate "2025.06.17"]

1. e4 e5 2. Nf3 Nc6 3. Bb5 Nf6 4. d3 Ne7 5. d4 exd4 6. e5 Nfd5 7. O-O a6 8. Bd3
d6 9. Re1 Bg4 10. h3 Bh5 11. Nbd2 Nf4 12. exd6 cxd6 13. Ne4 Ne6 14. Ng3 Bg6 15.
Bxg6 hxg6 16. Nxd4 Nxd4 17. Qxd4 Qd7 18. Bg5 f6 19. Bf4 O-O-O 20. Rad1 Nc6 21.
Qd5 g5 22. Be3 Kb8 23. Bb6 Rc8 24. c3 Ne5 25. Bd4 Qc6 26. Qxc6 bxc6 27. Ne4 Kb7
28. Bxe5 dxe5 29. Rd7+ Rc7 30. Rd8 Rc8 31. Red1 Rxd8 32. Rxd8 Kc7 33. Ra8 Kd7
34. b4 Ke6 35. a4 Kd5 36. Nc5 Kc4 37. Nxa6 Kxc3 38. b5 cxb5 39. axb5 e4 40. b6 1-0

[Event "Titled Tue 17th Jun Late"]
[Site "chess.com INT"]
[Date "2025.06.17"]
[Round "3"]
[White "Askarov, Bakhtiyar"]
[Black "Mei, Austin"]
[Result "1-0"]
[WhiteTitle "IM"]
[BlackTitle "FM"]
[WhiteElo "2297"]
[BlackElo "2280"]
[WhiteFideId "13701100"]
[BlackFideId "30948479"]
[EventDate "2025.06.17"]

1. c4 e5 2. Nc3 Nf6 3. Nf3 e4 4. Ng5 c6 5. d3 d5 6. cxd5 cxd5 7. dxe4 d4 8. Qb3
Qe7 9. Nd5 Nxd5 10. exd5 Nd7 11. d6 Qf6 12. Bd2 Bxd6 13. Ne4 Qe5 14. Nxd6+ Qxd6
15. Bb4 Nc5 16. Qc4 b6 17. Rd1 Be6 18. Qxd4 Qxd4 19. Rxd4 Bxa2 20. e3 O-O 21.
Be2 Rfd8 22. Bxc5 bxc5 23. Ra4 Bb3 24. Ra3 c4 25. Bf3 Rab8 26. Rxa7 c3 27. bxc3
Bc4 28. Ra1 Rb2 29. Rd1 Rdb8 30. Rd4 Rc8 31. h4 g6 32. h5 Kg7 33. h6+ Kf6 34.
Rhh4 Ke5 35. Rxc4 1-0

[Event "Titled Tue 17th Jun Late"]
[Site "chess.com INT"]
[Date "2025.06.17"]
[Round "3"]
[White "Kiewra, Keaton"]
[Black "Todorovic, Bojan"]
[Result "0-1"]
[WhiteTitle "IM"]
[BlackTitle "FM"]
[WhiteElo "2277"]
[BlackElo "2111"]
[WhiteFideId "2019280"]
[BlackFideId "917087"]
[EventDate "2025.06.17"]

1. d4 Nf6 2. Nf3 g6 3. Bg5 Bg7 4. Nbd2 d5 5. e3 O-O 6. Be2 c5 7. c3 b6 8. O-O
Bb7 9. Ne5 Ne4 10. Nxe4 dxe4 11. Bh4 Qc7 12. Bg3 Qc8 13. Bg4 e6 14. dxc5 bxc5
15. Nc4 Ba6 16. Qa4 Qc6 17. Qxc6 Nxc6 18. Be2 Na5 19. Nxa5 Bxe2 20. Rfe1 Bd3 21.
Bd6 Rfc8 22. Nb3 Bf8 23. Bxf8 Kxf8 24. Nd2 a5 25. f3 exf3 26. Nxf3 f6 27. Rad1
Rd8 28. Rd2 Bc4 29. b3 Rxd2 30. Nxd2 Bd5 31. e4 Bc6 32. Nc4 a4 33. e5 f5 34. Rd1
axb3 35. axb3 Rb8 36. Na5 Bd5 37. c4 Be4 38. Rd6 Ke7 39. Ra6 Rd8 40. Ra7+ Rd7
41. Rxd7+ Kxd7 42. Kf2 Kc7 43. g3 Kb6 44. b4 cxb4 45. Nb3 Bc2 46. Nd4 b3 0-1

[Event "Titled Tue 17th Jun Late"]
[Site "chess.com INT"]
[Date "2025.06.17"]
[Round "3"]
[White "Tamames Soria, Cesar Manuel"]
[Black "Carroll, Thomas"]
[Result "1-0"]
[WhiteTitle "IM"]
[WhiteElo "2221"]
[BlackElo "2131"]
[WhiteFideId "3529169"]
[BlackFideId "450111"]
[EventDate "2025.06.17"]

1. d4 d5 2. Nf3 c5 3. e3 Nf6 4. c3 cxd4 5. exd4 Nc6 6. h3 Bf5 7. Bb5 Rc8 8. Ne5
e6 9. Qa4 Qb6 10. O-O Be7 11. Bf4 O-O 12. Nd2 Nxe5 13. dxe5 Ne4 14. Nxe4 Bxe4
15. Qb3 a6 16. Be2 Qxb3 17. axb3 Bc5 18. b4 Bb6 19. Be3 Bxe3 20. fxe3 f6 21.
exf6 Rxf6 22. Rxf6 gxf6 23. b5 axb5 24. Bxb5 Kf8 25. Bd7 Rc5 26. Bxe6 Rb5 27. b4
Rb6 28. Bc8 Ke7 29. Ra7 Kd8 30. Bxb7 f5 31. Ba6 Rc6 32. b5 Rxc3 33. b6 Rc2 34.
Ra8+ Ke7 35. b7 d4 36. b8=Q Rxg2+ 37. Kf1 Bxa8 38. Qxa8 Rd2 39. exd4 Kf6 40.
Qc6+ Kg5 41. Qc1 1-0

[Event "Titled Tue 17th Jun Late"]
[Site "chess.com INT"]
[Date "2025.06.17"]
[Round "3"]
[White "Svane, Frederik"]
[Black "Shermuhammadov, Samandar"]
[Result "0-1"]
[WhiteTitle "GM"]
[BlackTitle "FM"]
[WhiteElo "2667"]
[BlackElo "2110"]
[WhiteFideId "12923044"]
[BlackFideId "14205602"]
[EventDate "2025.06.17"]

1. e4 c5 2. Nf3 d6 3. d4 cxd4 4. Nxd4 Nf6 5. Nc3 a6 6. Bg5 e6 7. Qf3 Be7 8.
O-O-O Nbd7 9. a3 O-O 10. g4 Qc7 11. Bd2 Ne5 12. Qg2 b5 13. f4 Ned7 14. g5 Ne8
15. h4 Bb7 16. h5 Rc8 17. g6 Bf6 18. gxf7+ Kxf7 19. Be3 Nc5 20. Kb1 Kg8 21. Rg1
Rf7 22. Be2 Qa5 23. h6 b4 24. axb4 Qxb4 25. Bh5 Rfc7 26. Bxe8 Rxe8 27. hxg7 Rb8
28. Na2 Qa4 29. Nc3 Qa5 30. Qd2 Bxe4 31. f5 Rxb2+ 32. Kxb2 Rb7+ 33. Ncb5 Rxb5+
34. Kc1 Qa1# 0-1

[Event "Titled Tue 17th Jun Late"]
[Site "chess.com INT"]
[Date "2025.06.17"]
[Round "3"]
[White "Shukhman, Anna"]
[Black "Moussard, Jules"]
[Result "1-0"]
[WhiteTitle "WGM"]
[BlackTitle "GM"]
[WhiteElo "2413"]
[BlackElo "2597"]
[WhiteFideId "54180058"]
[BlackFideId "642908"]
[EventDate "2025.06.17"]

1. e4 Nc6 2. Nc3 Nf6 3. d4 d6 4. f4 g6 5. Nf3 Bg7 6. Bd3 O-O 7. e5 dxe5 8. fxe5
Nd5 9. Nxd5 Qxd5 10. c3 f6 11. Qe2 Kh8 12. exf6 exf6 13. O-O Bg4 14. h3 Rae8 15.
Qf2 Bf5 16. Bxf5 Qxf5 17. Qg3 Qd7 18. Bf4 Re7 19. Rad1 Rfe8 20. d5 Nd8 21. Kh1
Nf7 22. c4 b6 23. Nd4 Nd8 24. Kh2 c5 25. Nb5 Nf7 26. Nc7 Rc8 27. d6 Re4 28. Rfe1
f5 29. Rxe4 fxe4 30. Qg4 Qxg4 31. hxg4 g5 32. Bg3 e3 33. d7 Rg8 34. Ne6 Bf6 35.
Rf1 Be5 36. Rxf7 Bxg3+ 37. Kxg3 e2 38. Kf2 1-0

[Event "Titled Tue 17th Jun Late"]
[Site "chess.com INT"]
[Date "2025.06.17"]
[Round "3"]
[White "Cevizci, Yusuf Baran"]
[Black "Sobek, Jaroslav"]
[Result "1-0"]
[WhiteTitle "CM"]
[BlackTitle "FM"]
[WhiteElo "2062"]
[BlackElo "2195"]
[WhiteFideId "34565400"]
[BlackFideId "301388"]
[EventDate "2025.06.17"]

1. e4 c5 2. c3 d5 3. exd5 Qxd5 4. d4 Nf6 5. Nf3 e6 6. Bd3 Be7 7. O-O O-O 8. c4
Qc6 9. dxc5 Qxc5 10. Nc3 a6 11. Qe2 Nbd7 12. a3 Qc7 13. Bg5 b6 14. Rad1 Bb7 15.
b4 Rac8 16. Rfe1 Rfe8 17. Bh4 Nf8 18. Bg3 Qc6 19. Ne4 Red8 20. Neg5 Ng6 21. Ne4
Qe8 22. Nxf6+ Bxf6 23. Be4 Bxe4 24. Qxe4 Qa4 25. Rxd8+ Rxd8 26. Qe3 Qc6 27. h4
h6 28. h5 Ne7 29. Ne5 Bxe5 30. Bxe5 Nf5 31. Qf4 f6 32. Bb2 1-0

[Event "Titled Tue 17th Jun Late"]
[Site "chess.com INT"]
[Date "2025.06.17"]
[Round "3"]
[White "Zuferi, Enis"]
[Black "Ambartsumian, Tyhran"]
[Result "0-1"]
[WhiteTitle "FM"]
[BlackTitle "CM"]
[WhiteElo "2339"]
[BlackElo "2244"]
[WhiteFideId "24692530"]
[BlackFideId "34161112"]
[EventDate "2025.06.17"]

1. d4 a6 2. g3 d5 3. Nf3 Nf6 4. Bg2 e6 5. O-O Nbd7 6. b3 b5 7. c4 Bb7 8. c5 a5
9. a3 Be7 10. Bf4 O-O 11. Nc3 Bc6 12. b4 Ne4 13. Qd3 Qb8 14. Nd2 Nxd2 15. Qxd2
Qb7 16. Rfb1 axb4 17. axb4 f5 18. h4 Nf6 19. Ra5 Ra7 20. Rba1 Rfa8 21. Qd3 Ne4
22. f3 Nxc3 23. Qxc3 Be8 24. Qe1 c6 25. Be5 Bd8 26. Rxa7 Rxa7 27. Qc1 Qa8 28.
Rxa7 Qxa7 29. g4 fxg4 30. fxg4 Bxh4 31. g5 Qa2 32. Qf4 Qb1+ 33. Kh2 Be1 34. Bh3
Bf7 35. g6 hxg6 36. Qg5 Qe4 37. Bg4 Bd2 38. Qd8+ Kh7 39. Qh4+ Bh6 0-1

[Event "Titled Tue 17th Jun Late"]
[Site "chess.com INT"]
[Date "2025.06.17"]
[Round "3"]
[White "Ersahin, Bulent"]
[Black "Sitbon, Itay"]
[Result "1-0"]
[WhiteTitle "CM"]
[WhiteElo "2106"]
[BlackElo "2206"]
[WhiteFideId "6302670"]
[BlackFideId "2820706"]
[EventDate "2025.06.17"]

1. e4 e5 2. Nf3 d5 3. exd5 Nf6 4. Bb5+ c6 5. dxc6 Nxc6 6. O-O e4 7. Re1 Be7 8.
Ng5 Bf5 9. Nc3 O-O 10. Bxc6 bxc6 11. Ngxe4 Nd5 12. Nxd5 cxd5 13. Ng3 Bg6 14. d4
Rb8 15. c3 Bd6 16. b3 Qc7 17. Bd2 Ba3 18. Bc1 Bd6 19. Qf3 Rfd8 20. Bd2 Ba3 21.
Bf4 Bd6 22. Bxd6 Rxd6 23. Re5 Rf6 24. Qe3 Qd7 25. Re1 h5 26. Nxh5 Rc6 27. Nf4
Be4 28. c4 f6 29. Rh5 f5 30. Qh3 Qd6 31. Rh8+ Kf7 32. Qh5+ Ke7 33. Qg5+ Kf7 34.
Rxb8 Qxb8 35. Nxd5 Rg6 36. Qe7+ Kg8 37. g3 Kh7 38. Qe5 Qd8 39. Ne7 Rf6 40. Rxe4
fxe4 41. Qxe4+ Kh8 42. Qh4+ Rh6 43. Ng6+ Kh7 44. Qxd8 Kxg6 45. Qd6+ Kh7 46.
Qxh6+ Kxh6 47. c5 a5 48. c6 a4 49. bxa4 g6 50. c7 Kg7 51. c8=Q Kh7 52. Qd7+ Kg8
53. a5 Kh8 54. a6 g5 55. a7 g4 56. a8=R# 1-0